000
00273nam a22001097a 4500
020
_a
0521083818
050
_a
QD 241
_b
J64
100
_a
Johnstone R.A.W.
245
_a
Mass Spectrometry for Organic Chemistry
260
_b
Combridge at the University Press
_c
1972
942
_c
GEN
999
_c
2279
_d
2279